Missouri Metro and Micropolitan areas. - Statistics

General Stats
  • This quiz has been taken 538 times
    504 since last reset
  • The average score is 11 of 22
Answer Stats
Population Answer % Correct
2,882,932 St. Louis
99%
2,122,908 Kansas City
98%
440,142 Springfield
86%
175,831 Columbia
83%
150,480 Jefferson City
82%
176,849 Joplin
75%
127,574 St Joseph
66%
136,160 Cape Girardeau
65%
84,999 Branson
59%
38,998 Hannibal
48%
45,020 Rolla
45%
29,933 Kirksville
40%
43,082 Poplar Bluff
33%
42,178 Sedalia
31%
23,468 Maryville
28%
35,636 Lebanon
24%
25,552 Mexico
22%
40,665 West Plains
22%
25,346 Moberly
21%
31,974 Kennett
12%
23,280 Marshall
12%
53,175 Fort Leonard Wood
10%
No matching quizzes found
Score Distribution
Percent of People with Each Score
Percentile by Number Answered
Your Score History
You have not taken this quiz since the last reset